American constitutional law : (Record no. 4651)

MARC details
000 -LEADER
fixed length control field 01264cam a2200193 a 4500
020 ## - INTERNATIONAL STANDARD BOOK NUMBER
ISBN 0131174371
020 ## - INTERNATIONAL STANDARD BOOK NUMBER
ISBN 9780131174375
050 00 - CALL NUMBER
Classification number KF4549
Item number .M3
100 1# - AUTHOR
Personal name Mason, Alpheus Thomas,
245 10 - TITLE
Title American constitutional law :
Remainder of title introductory essays and selected cases /
Statement of responsibility, etc Alpheus Thomas Mason, Donald Grier Stephenson, Jr.
250 ## - EDITION
Edition statement 14th ed.
260 ## - PUBLICATION INFORMATION
Place of publication Upper Saddle River, N.J. :
Name of publisher Pearson/Prentice Hall,
Year of publication c2005.
300 ## - DESCRIPTION
Number of Pages xiv, 730 p. ;
Dimensions 25 cm.
500 ## - NOTES
General note Includes index.
505 ## - FORMATTED CONTENTS NOTE
Table of Content Introduction : a political Supreme Court 1 --<br/>Ch. 1. Jurisdiction and organization of the federal courts --<br/>Ch. 2. The constitution, the Supreme Court, and judicial review --<br/>Ch. 3. Congress and the president --<br/>Ch. 4. Federalism --<br/>Ch. 5. The electoral process --<br/>Ch. 6. The commerce clause --<br/>Ch. 7. National taxing and spending power --<br/>Ch. 8. Property rights and the development of due process --<br/>Ch. 9. Nationalization of the bill of rights --<br/>Ch. 10. Criminal justice --<br/>Ch. 11. Freedom of expression --<br/>Ch. 12. Religious liberty --<br/>Ch. 13. Privacy --<br/>Ch. 14. Equal protection of the laws --<br/>Ch. 15. Epilogue : security and freedom in wartime.
650 #0 - SUBJECTS
Topical Term Constitutional law
700 1# - OTHER AUTHORS
Personal name Stephenson, D. Grier.
942 ## - ADDED ENTRY ELEMENTS (KOHA)
Koha item type Books
Holdings
Withdrawn status Lost status Collection code Home library Current library Shelving location Date acquired Full call number Accession Number Koha item type
    Reference Methodist University Law Library Methodist University Law Library General Stacks   KF4549 .M3 4435 Reference
    Reference Methodist University Law Library Methodist University Law Library General Stacks   KF4549 .M3 4436 Reference
Copyright © 2026  MUG Library